| 000 | 00789nam a2200241Ia 4500 | ||
|---|---|---|---|
| 001 | 936 | ||
| 003 | GE_BSU | ||
| 008 | 181216s||||||||xx |||||||||||||| ||und|| | ||
| 040 | _cGE_BSU | ||
| 080 | _a811.161.1 | ||
| 100 | _aЗарубина,Н.Д; Ожегова,Н.С; | ||
| 245 | _aСборник упражнений по грамматике русского языка. | ||
| 245 | _bУчебное пособие для студ.-иностеранцев | ||
| 250 | _aИзд.2-е,испр | ||
| 260 | _aМосква | ||
| 260 | _b,,Русский язык, | ||
| 260 | _c1980 | ||
| 300 | _a144 с. | ||
| 541 | _h6 л. | ||
| 653 | _aРусский язык | ||
| 653 | _aСборник упражнени по грамматике русского языка | ||
| 942 | _cBK | ||
| 999 |
_c35095 _d35095 |
||